La discographie de Rosé - Statistiques

Statistiques générales
  • Ce quiz a été pris 35 fois
  • Le résultat moyen est 13 sur 17
Statistiques - réponses
Réponse % Correct
Gone
100%
On The Ground
100%
APT (feat Bruno Mars)
95%
Toxic Till The End
91%
3am
86%
Messy
86%
Number One Girl
86%
Drinks Or Coffee
82%
Gameboy
82%
Dance All Night
77%
Stay A Little Longer
73%
Call It The End
64%
Hard To Love
64%
Two years
59%
Not The Same
55%
Too Bad For Us
55%
Without You
36%
Aucun quiz correspondant
Distribution des résultats
% des personnes avec chaque résultat
Percentile par nombre de réponses
Votre historique - résultats
Vous n’avez pas pris ce quiz